00807nam a22002417a 450000500170000001000130001702000220003003500130005203700160006504000120008108200160009310000290010924500690013826000410020727000450024830000210029365000360031465000390035070000090038994200250039899900190042395201230044220170124110020.0 aB-063116 c00.00a8172249500 aB-063116 bCen Lib/Ret aDPLbEN a646.79bVIE aVieira, Walter E.919514 aA second career :cby Walter E.Vieirabwhat after retirement ? / aMumbaibJaico publishing housec2001 a121, Mahatma Gandhi RoadbMumbaie400023 a200p. c22cm(Hb) aVocation, Ecclesiastical919515 aSeminarians--Religious life919516 97313 2ddccENh646.79mVIE c127136d127136 00104070aLbLd2015-06-27eCen Lib/Retg0.00l0o646.79 VIEpB-063116r2015-06-27 00:00:00t1v0.00w2015-06-27yEN